| 000 | 00689nam a2200217Ia 4500 | ||
|---|---|---|---|
| 001 | 10293 | ||
| 003 | GE_BSU | ||
| 008 | 181216s||||||||xx |||||||||||||| ||und|| | ||
| 040 | _cGE_BSU | ||
| 100 | _aსტვილია,ლიდა | ||
| 245 | _aბედნიერების ბუდე | ||
| 245 | _bლექსები | ||
| 245 | _cმხატვ.ბ.ბერძენიშვილი | ||
| 260 | _aთბილისი | ||
| 260 | _bლიტერატურა და ხელოვნება | ||
| 260 | _c1965 | ||
| 300 | _a85გვ.16სმ. | ||
| 653 | _aბედნიერების ბუდე | ||
| 653 | _aლექსები | ||
| 942 | _cBK | ||
| 999 |
_c43561 _d43561 |
||